| 000 | 00748 a2200193 4500 | ||
|---|---|---|---|
| 001 | 62866 | ||
| 005 | 20260407155923.0 | ||
| 008 | 260407a1969 arg spa d | ||
| 003 | AR-UNSa-BCEJYS | ||
| 040 |
_aAR-UNSa-BCEJYS _bspa _cAR-UNSa-BCEJYS |
||
| 080 |
_a339.5 _xComercio exterior. Comercio Internacional |
||
| 245 | 1 | 0 |
_aLa proyección externa de la industria en América Latina _pParte A |
| 264 | 1 |
_aBuenos Aires : _bBID/INTAL (Banco Interamericano de Desarrollo. Instituto para la integración de América Latina) _c1969 |
|
| 300 |
_a235 p. _c26 cm. |
||
| 041 | _aspa | ||
| 942 | _cBK | ||
| 590 | _aniveau_biblio:m niveau_hierar:0 | ||
| 100 | 1 | _aBanco Interamericano de Desarrollo. Instituto para la Integración de América Latina (BID-INTAL) | |
| 999 |
_c7861 _d7861 |
||